Non passa lo straniero : come resistere al discorso sovranista /

সংরক্ষণ করুন:
গ্রন্থ-পঞ্জীর বিবরন
প্রধান লেখক: Accolla, Dario (লেখক)
অন্যান্য লেখক: La Torre, Cathy (ভূমিকা রচয়িতা, ইত্যাদি)
বিন্যাস: গ্রন্থ
ভাষা:ইতালিয়
প্রকাশিত: Valverde : Villaggio Maori, 2019
মালা:La modesta ; 23
ট্যাগগুলো: ট্যাগ যুক্ত করুন
কোনো ট্যাগ নেই, প্রথমজন হিসাবে ট্যাগ করুন!

MARC

LEADER 00000nam a22000007i 4500
001 IT\ICCU\BVE\0881202
003 ItRI
005 20250328192344.0
008 210811s2019 it |||||| ||||| |||||c
020 |a 9788894898606 
040 |b ita  |c Arcigay Comunitas Ancona 
041 7 |a ita  |2 ISO-639-2 
100 1 |a Accolla, Dario  |0 IT\ICCU\UBOV\349215  |4 aut 
245 1 0 |a Non passa lo straniero :  |b come resistere al discorso sovranista /  |c Dario Accolla ; prefazione di Cathy La Torre. 
260 |a Valverde :  |b Villaggio Maori,  |c 2019 
300 |a 131 p. ;  |c 20 cm 
700 1 |a La Torre, Cathy  |0 IT\ICCU\UBOV\360601  |4 aui 
830 3 |a La modesta ;  |v 23  |0 IT\ICCU\PAL\0233527 
942 |2 ddc  |c BK 
952 |0 0  |1 0  |2 ddc  |4 0  |6 408_000000000000000_ACC_NON  |7 0  |9 3726  |a AN  |b AN  |d 2025-03-28  |l 0  |o 408 ACC NON  |p 10985  |r 2025-03-28 19:28:26  |w 2025-03-28  |y BK 
981 1 |6 z01  |a i   |b xxxe  
982 1 |6 z01  |a n 
999 |c 2908  |d 2908